Score 0/50 Timer 05:00
3 Plays Today
% Correct
Mary
87.4%
Fair
86.9%
Dollars
85.2%
Way
84.2%
Hard
83.3%
Greek
82.1%
Viva
81.5%
Shot
80%
Red
79.6%
Man
76.8%
Unsinkable
75.7%
Days
75.4%
Flowers
75.4%
Fall
75.3%
Cousins
74.9%
Bomb
74.4%
Sweet
72.9%
Navy
71.9%
Single
70.3%
Hoods
68.1%
Fail
66.4%
Sizzles
66.1%
Murder
64.3%
Bikini
59.5%
Marriage
59.1%
% Correct
Faces
59%
Mars
58.4%
Dolphins
58.1%
Iguana
58%
Father
56.2%
Limpet
56.1%
Wild
55.6%
Zombies
55.2%
Death
51.9%
Ringer
50.8%
Bedtime
50.6%
Emily
48%
Children
45.3%
Sport
43.1%
Cage
42.6%
Yellow
42.4%
Stupid
41.2%
Martians
40.6%
Autumn
38.2%
Umbrellas
36.1%
Black
35.4%
Long
33.8%
World
27.6%
Circus
26.9%
Fate
25.1%

You're not logged in!

Compare scores with friends on all Sporcle quizzes.
OR
Log In

Sporcle TV

Today on Sporcle TV


Watch our educational content, quiz creation guides, and fun videos on Sporcle TV.

Show Comments

Extras

Top Quizzes Today


Score Distribution

Paid Content

Your Account Isn't Verified!

In order to create a playlist on Sporcle, you need to verify the email address you used during registration. Go to your Sporcle Settings to finish the process.

Report this User

Report this user for behavior that violates our Community Guidelines.

Details: